| 000 | 00411nam a22001577a 4500 | ||
|---|---|---|---|
| 020 | _a978-1-84616-892-5 | ||
| 082 |
_a823 _bMEA/S |
||
| 100 | _aMEADOWS, DAISY | ||
| 245 |
_aSAMANTHA THE SWIMMING FAIRY _bTHE SPORTY FAIRIES |
||
| 246 |
_aSAMANTHA THE SWIMMING FAIRY _bTHE SPORTY FAIRIES |
||
| 260 |
_aLONDON _bORCHARD BOOKS _c2008 |
||
| 300 | _a71 | ||
| 520 | _aSHORT STORY | ||
| 650 | _aSHORT STORY | ||
| 942 | _cBK | ||
| 999 |
_c3118 _d3118 |
||